[Event "44. Capablanca in Memoriam Premier 2009"]
[Site "La Habana CUB"]
[Date "2009.06.08"]
[Round "1.1"]
[White "Corrales Jimenez, Fidel"]
[Black "Hernandez Carmenates, Holden"]
[Result "1/2-1/2"]
[WhiteElo "2574"]
[BlackElo "2573"]
[PlyCount "21"]
[EventDate "2009.06.08"]
[EventType "tourn"]
[EventRounds "10"]
[EventCountry "CUB"]
[EventCategory "14"]
[Source "lmi"]
[SourceDate "2009.06.08"]

1. e4 e5 2. Nf3 Nf6 3. Nxe5 d6 4. Nf3 Nxe4 5. Qe2 Qe7 6. d3 Nf6 7. Bg5 Qxe2+ 8.
Bxe2 Be7 9. O-O Bg4 10. Nbd2 Nbd7 11. h3 1/2-1/2

[Event "44. Capablanca in Memoriam Premier 2009"]
[Site "La Habana CUB"]
[Date "2009.06.08"]
[Round "1.3"]
[White "Potkin, Vladimir"]
[Black "Quezada Perez, Yuniesky"]
[Result "1/2-1/2"]
[WhiteElo "2621"]
[BlackElo "2590"]
[PlyCount "104"]
[EventDate "2009.06.08"]
[EventType "tourn"]
[EventRounds "10"]
[EventCountry "CUB"]
[EventCategory "14"]
[Source "lmi"]
[SourceDate "2009.06.08"]

1. d4 Nf6 2. c4 e6 3. Nf3 Bb4+ 4. Nbd2 b6 5. a3 Bxd2+ 6. Qxd2 Bb7 7. e3 a5 8.
b3 d6 9. Be2 Nbd7 10. Bb2 O-O 11. O-O Qe7 12. Rad1 Rfd8 13. Qc2 h6 14. Nd2 c5
15. e4 Rac8 16. e5 Ne8 17. exd6 Nxd6 18. Nf3 cxd4 19. Rxd4 e5 20. Rdd1 a4 21.
bxa4 Qe6 22. Nd2 Nc5 23. a5 bxa5 24. Rfe1 f6 25. h3 Qf7 26. Bc3 Ra8 27. Nb3 Be4
28. Qa2 Qg6 29. Bf1 Nxb3 30. c5 Qf7 31. Rxd6 Rxd6 32. cxd6 Bd5 33. Rd1 Rd8 34.
Bxa5 Rxd6 35. Bb4 Nd4 36. Qb2 Rb6 37. Qc3 Rc6 38. Qe3 Qg6 39. Kh2 Qc2 40. Rd2
Qc1 41. Bd3 Rc8 42. Bg6 Qc7 43. Qg3 Bf7 44. Bxf7+ Kxf7 45. Qg4 Kg8 46. Qe4 Kh8
47. f4 Nc6 48. fxe5 Nxe5 49. Bd6 Qd7 50. Bb4 Qc7 51. Bd6 Qd7 52. Bb4 Qc7
1/2-1/2

[Event "44. Capablanca in Memoriam Premier 2009"]
[Site "La Habana CUB"]
[Date "2009.06.09"]
[Round "2.1"]
[White "Hernandez Carmenates, Holden"]
[Black "Quezada Perez, Yuniesky"]
[Result "1/2-1/2"]
[WhiteElo "2568"]
[BlackElo "2590"]
[PlyCount "50"]
[EventDate "2009.06.08"]
[EventType "tourn"]
[EventRounds "10"]
[EventCountry "CUB"]
[EventCategory "14"]
[Source "lmi"]
[SourceDate "2009.06.08"]

1. d4 Nf6 2. c4 e6 3. Nf3 Bb4+ 4. Nbd2 b6 5. e3 Bb7 6. Bd3 O-O 7. O-O Bxd2 8.
Bxd2 Ne4 9. Bc3 f5 10. Nd2 Qg5 11. Nxe4 fxe4 12. Be2 Nc6 13. d5 Ne5 14. h4 Qf5
15. Bxe5 Qxe5 16. dxe6 dxe6 17. Qc2 Rad8 18. Rad1 a5 19. Rxd8 Rxd8 20. Rd1
Rxd1+ 21. Qxd1 Qd6 22. Qc2 Kf7 23. g3 Qe5 24. Qd2 Ke7 25. Kf1 c5 1/2-1/2

[Event "44. Capablanca in Memoriam Premier 2009"]
[Site "La Habana CUB"]
[Date "2009.06.09"]
[Round "2.2"]
[White "Cordova, Emilio"]
[Black "Potkin, Vladimir"]
[Result "1/2-1/2"]
[WhiteElo "2543"]
[BlackElo "2621"]
[PlyCount "210"]
[EventDate "2009.06.08"]
[EventType "tourn"]
[EventRounds "10"]
[EventCountry "CUB"]
[EventCategory "14"]
[Source "lmi"]
[SourceDate "2009.06.08"]

1. d4 d5 2. Nf3 Nf6 3. c4 c6 4. Nc3 e6 5. Bg5 h6 6. Bxf6 Qxf6 7. e3 Nd7 8. Rc1
g6 9. Bd3 dxc4 10. Bxc4 Bg7 11. a3 O-O 12. Ba2 b6 13. O-O Bb7 14. e4 Rfd8 15.
e5 Qe7 16. Qe2 Nf8 17. Ne4 c5 18. dxc5 bxc5 19. Nxc5 Bxf3 20. Qxf3 Bxe5 21. b4
a5 22. Bc4 axb4 23. axb4 Rab8 24. Nd3 Bg7 25. b5 Rd4 26. Rc2 Nd7 27. Qg3 e5 28.
Nc1 Qb4 29. Qb3 Qe7 30. Qg3 Qh4 31. Qb3 Qe7 32. Ne2 Rd6 33. Nc3 Nb6 34. Nd5 Qd7
35. Nxb6 Rbxb6 36. Be2 e4 37. Qc4 Bd4 38. Qc8+ Qxc8 39. Rxc8+ Kg7 40. g3 h5 41.
Kg2 h4 42. Bc4 hxg3 43. hxg3 f5 44. Rc1 Be5 45. Rc2 Kf6 46. Be2 Kg5 47. Ra8 Rd4
48. Re8 Bd6 49. Re6 Bc5 50. Rc6 Rxc6 51. bxc6 Bd6 52. c7 Bxc7 53. Rxc7 Rd2 54.
Kf1 Rb2 55. Bd1 Rb6 56. Ba4 Rb4 57. Bc2 Rb6 58. Rc8 Ra6 59. Ke2 Rb6 60. Ba4 Ra6
61. Be8 Ra2+ 62. Ke3 Ra3+ 63. Kd4 Rd3+ 64. Kc4 Rd2 65. Rc6 Kg4 66. Rxg6+ Kf3
67. Rg5 Kxf2 68. Bh5 Rd3 69. Rxf5+ Kxg3 70. Rf8 Rd2 71. Kc3 Rf2 72. Re8 Kf4 73.
Bg6 Re2 74. Re7 e3 75. Rf7+ Ke5 76. Bd3 Re1 77. Rf5+ Ke6 78. Rf4 Ke5 79. Re4+
Kd5 80. Re8 Rc1+ 81. Bc2 Re1 82. Kd3 Kc5 83. Re4 Kd5 84. Rg4 Ke5 85. Ba4 e2 86.
Kd2 Ra1 87. Kxe2 Ra2+ 88. Kd3 Ra3+ 89. Kc2 Rf3 90. Bb5 Rf4 91. Rg8 Kd4 92. Rd8+
Kc5 93. Bd3 Rf6 94. Kc3 Rd6 95. Ra8 Rc6 96. Bc4 Rd6 97. Ra5+ Kb6 98. Kb4 Rd7
99. Ra6+ Kb7 100. Rf6 Re7 101. Kc5 Kc7 102. Bd5 Rg7 103. Ra6 Re7 104. Ra8 Kd7
105. Ra7+ Kd8 1/2-1/2

[Event "44. Capablanca in Memoriam Premier 2009"]
[Site "La Habana CUB"]
[Date "2009.06.10"]
[Round "3.2"]
[White "Potkin, Vladimir"]
[Black "Corrales Jimenez, Fidel"]
[Result "1-0"]
[WhiteElo "2621"]
[BlackElo "2586"]
[PlyCount "107"]
[EventDate "2009.06.08"]
[EventType "tourn"]
[EventRounds "10"]
[EventCountry "CUB"]
[EventCategory "14"]
[Source "lmi"]
[SourceDate "2009.06.08"]

1. d4 Nf6 2. c4 e6 3. Nf3 d5 4. Nc3 Bb4 5. e3 c5 6. Bd3 Nc6 7. O-O O-O 8. a3
dxc4 9. Bxc4 Ba5 10. Bd3 a6 11. Ne4 cxd4 12. exd4 h6 13. Be3 Nxe4 14. Bxe4 Ne7
15. Ne5 Nd5 16. Qb3 Bc7 17. Rac1 Nxe3 18. fxe3 Rb8 19. Bh7+ Kxh7 20. Qc2+ Kg8
21. Qxc7 Qxc7 22. Rxc7 f6 23. Nc4 b6 24. Rc1 a5 25. Nd6 Ba6 26. e4 Rfd8 27.
R1c6 Bd3 28. Kf2 b5 29. Ke3 Bb1 30. Re7 Ba2 31. d5 b4 32. a4 exd5 33. Nf5 d4+
34. Kd2 Kh8 35. Rxg7 Rg8 36. Rxg8+ Rxg8 37. g3 Bb3 38. Rxf6 Ra8 39. Rxh6+ Kg8
40. Rg6+ Kf7 41. Rb6 Bxa4 42. g4 Bd7 43. g5 Kg8 44. Rb7 Be8 45. g6 Bxg6 46.
Rg7+ Kf8 47. Rxg6 a4 48. Rg1 a3 49. bxa3 bxa3 50. Kd3 a2 51. Ra1 Kf7 52. Kxd4
Ke6 53. Ne3 Rd8+ 54. Nd5 1-0

[Event "44. Capablanca in Memoriam Premier 2009"]
[Site "La Habana CUB"]
[Date "2009.06.10"]
[Round "3.3"]
[White "Quezada Perez, Yuniesky"]
[Black "Cordova, Emilio"]
[Result "1/2-1/2"]
[WhiteElo "2590"]
[BlackElo "2543"]
[PlyCount "66"]
[EventDate "2009.06.08"]
[EventType "tourn"]
[EventRounds "10"]
[EventCountry "CUB"]
[EventCategory "14"]
[Source "lmi"]
[SourceDate "2009.06.08"]

1. e4 e6 2. d4 d5 3. Nc3 Nf6 4. e5 Nfd7 5. f4 c5 6. Nf3 Nc6 7. Be3 Qb6 8. Na4
Qa5+ 9. c3 cxd4 10. b4 Nxb4 11. cxb4 Bxb4+ 12. Bd2 Bxd2+ 13. Nxd2 O-O 14. Bd3
b5 15. Nb2 Nb6 16. O-O Nc4 17. Bxh7+ Kxh7 18. Qh5+ Kg8 19. Nf3 g6 20. Qh6 Qc7
21. Nh4 f6 22. Nxg6 Qg7 23. Qh5 Rf7 24. Nxc4 dxc4 25. Rf3 Qh7 26. Qg4 Rg7 27.
Rg3 Rb8 28. h4 f5 29. Qg5 Rxg6 30. Qd8+ Kg7 31. Qf6+ Kh6 32. Rxg6+ Qxg6 33.
Qh8+ Qh7 1/2-1/2

[Event "44. Capablanca in Memoriam Premier 2009"]
[Site "La Habana CUB"]
[Date "2009.06.11"]
[Round "4.1"]
[White "Hernandez Carmenates, Holden"]
[Black "Cordova, Emilio"]
[Result "1/2-1/2"]
[WhiteElo "2568"]
[BlackElo "2543"]
[PlyCount "101"]
[EventDate "2009.06.08"]
[EventType "tourn"]
[EventRounds "10"]
[EventCountry "CUB"]
[EventCategory "14"]
[Source "lmi"]
[SourceDate "2009.06.08"]

1. d4 Nf6 2. c4 e6 3. Nc3 Bb4 4. Qc2 d5 5. cxd5 exd5 6. Nf3 O-O 7. Bg5 h6 8.
Bxf6 Qxf6 9. e3 Bf5 10. Bd3 Bxd3 11. Qxd3 Nd7 12. Qb5 Qd6 13. O-O c6 14. Qd3
Ba5 15. Rab1 Rfe8 16. Ne2 a6 17. Ng3 g6 18. a3 Bc7 19. Rfe1 f5 20. h4 Qf6 21.
h5 Bxg3 22. fxg3 Re4 23. Rf1 Rae8 24. Rbe1 Qd6 25. Nd2 Nf6 26. Nxe4 Rxe4 27.
Rf4 Nxh5 28. Rxe4 fxe4 29. Qe2 Nxg3 30. Qg4 Kg7 31. b4 Nf5 32. Qh3 Qf6 33. Qh2
h5 34. Qf4 Nd6 35. Qg3 Nf5 36. Qf4 Qd6 37. Qg5 Nh6 38. g3 Nf7 39. Qf4 Qe7 40.
Kg2 Ng5 41. Qh4 Qf6 42. Rf1 Nf3 43. Qxf6+ Kxf6 44. a4 Ke6 45. Rd1 Kd6 46. Kf2
Kc7 47. a5 Kd6 48. Ke2 Ke7 49. Rc1 Kd7 50. Rf1 Kc7 51. Rh1 1/2-1/2

[Event "44. Capablanca in Memoriam Premier 2009"]
[Site "La Habana CUB"]
[Date "2009.06.12"]
[Round "5.1"]
[White "Potkin, Vladimir"]
[Black "Hernandez Carmenates, Holden"]
[Result "1-0"]
[WhiteElo "2621"]
[BlackElo "2573"]
[PlyCount "109"]
[EventDate "2009.06.08"]
[EventType "tourn"]
[EventRounds "10"]
[EventCountry "CUB"]
[EventCategory "14"]
[Source "lmi"]
[SourceDate "2009.06.08"]

1. d4 Nf6 2. c4 e6 3. Nf3 b6 4. g3 Bb7 5. Bg2 Be7 6. O-O O-O 7. d5 exd5 8. Nh4
c6 9. cxd5 Nxd5 10. Nf5 Nc7 11. e4 d5 12. Nc3 Bf6 13. exd5 cxd5 14. Bf4 Nba6
15. Re1 Bc8 16. Nd6 Be6 17. Nxd5 Nxd5 18. Bxd5 Bxd5 19. Qxd5 Nc7 20. Qc6 Ne6
21. Nxf7 Rxf7 22. Rxe6 Rc8 23. Qb5 Qd7 24. Qb3 Re8 25. Rxe8+ Qxe8 26. Rc1 g5
27. Be3 Qe5 28. Rd1 Kg7 29. Qd5 Qxd5 30. Rxd5 Bxb2 31. Rxg5+ Kf6 32. Rh5 Rd7
33. Kg2 Kg6 34. Rh6+ Kf5 35. Kf3 Ke5 36. Rh5+ Kd6 37. h4 Kc6 38. g4 Ba3 39.
Rh6+ Kb5 40. h5 Bb2 41. g5 Ka4 42. Ke4 Ka3 43. f4 Kxa2 44. f5 Kb3 45. Rc6 b5
46. f6 a5 47. g6 hxg6 48. hxg6 a4 49. Bh6 Rd4+ 50. Kf3 Rc4 51. g7 Rxc6 52.
g8=Q+ Kc2 53. Qh7+ Kb3 54. f7 Rf6+ 55. Ke2 1-0

[Event "44. Capablanca in Memoriam Premier 2009"]
[Site "La Habana CUB"]
[Date "2009.06.12"]
[Round "5.3"]
[White "Cordova, Emilio"]
[Black "Corrales Jimenez, Fidel"]
[Result "1-0"]
[WhiteElo "2543"]
[BlackElo "2574"]
[PlyCount "63"]
[EventDate "2009.06.08"]
[EventType "tourn"]
[EventRounds "10"]
[EventCountry "CUB"]
[EventCategory "14"]
[Source "lmi"]
[SourceDate "2009.06.08"]

1. d4 d5 2. Nf3 Nf6 3. c4 c6 4. Nc3 e6 5. Bg5 h6 6. Bxf6 Qxf6 7. a3 Nd7 8. e4
dxe4 9. Nxe4 Qf4 10. Bd3 Be7 11. O-O O-O 12. Re1 b6 13. Qa4 Bb7 14. Rad1 Rfd8
15. Bb1 c5 16. d5 exd5 17. cxd5 Nf8 18. Nxc5 Qxa4 19. Nxa4 Bf6 20. Ba2 Rac8 21.
Ne5 h5 22. Nc3 Ng6 23. Nxg6 fxg6 24. Ne4 Rc2 25. d6+ Kh8 26. Nxf6 gxf6 27. Bb1
Rxb2 28. Bxg6 Rb5 29. Re8+ Rxe8 30. Bxe8 Rg5 31. d7 Bxg2 32. f4 1-0

[Event "44. Capablanca in Memoriam Premier 2009"]
[Site "La Habana CUB"]
[Date "2009.06.18"]
[Round "6.1"]
[White "Hernandez Carmenates, Holden"]
[Black "Corrales Jimenez, Fidel"]
[Result "1/2-1/2"]
[WhiteElo "2573"]
[BlackElo "2574"]
[PlyCount "21"]
[EventDate "2009.06.08"]
[EventType "tourn"]
[EventRounds "10"]
[EventCountry "CUB"]
[EventCategory "14"]
[Source "lmi"]
[SourceDate "2009.06.08"]

1. e4 e5 2. Nf3 Nc6 3. Bb5 a6 4. Bxc6 dxc6 5. O-O f6 6. d4 exd4 7. Nxd4 c5 8.
Ne2 Qxd1 9. Rxd1 Ne7 10. Nbc3 b6 11. f3 1/2-1/2

[Event "44. Capablanca in Memoriam Premier 2009"]
[Site "La Habana CUB"]
[Date "2009.06.14"]
[Round "7.2"]
[White "Potkin, Vladimir"]
[Black "Cordova, Emilio"]
[Result "1-0"]
[WhiteElo "2621"]
[BlackElo "2543"]
[PlyCount "113"]
[EventDate "2009.06.08"]
[EventType "tourn"]
[EventRounds "10"]
[EventCountry "CUB"]
[EventCategory "14"]
[Source "lmi"]
[SourceDate "2009.06.08"]

1. d4 Nf6 2. c4 e6 3. Nf3 c5 4. d5 b5 5. Bg5 b4 6. e4 d6 7. Nbd2 Be7 8. a3 bxa3
9. Rxa3 O-O 10. dxe6 Bxe6 11. Be2 Nc6 12. O-O h6 13. Bf4 Nd7 14. Ne1 Rb8 15. b3
Qc7 16. Nc2 Bf6 17. Ne3 Bb2 18. Ra2 Bd4 19. Nf3 Nde5 20. Nd5 Qb7 21. Nd2 Kh8
22. Bg3 f5 23. exf5 Bxd5 24. cxd5 Nb4 25. Ra3 Nxd5 26. Ne4 Rbd8 27. Ba6 Qd7 28.
Bc4 Nxc4 29. bxc4 Nb6 30. f6 Nxc4 31. fxg7+ Qxg7 32. Ra2 d5 33. Nd2 Nb2 34. Qc2
c4 35. Nf3 Rxf3 36. gxf3 Nd3 37. Ra5 h5 38. Kh1 Qf6 39. Qe2 Bb6 40. f4 Qf5 41.
Rb5 c3 42. Bh4 Rf8 43. Qf3 Qe4 44. Qxe4 dxe4 45. Rxh5+ Kg7 46. f5 Bd8 47. Rg1+
Kf7 48. Rh7+ Ke8 49. Rg4 Nc5 50. Bxd8 Kxd8 51. Rg1 Nd3 52. Rgg7 Nxf2+ 53. Kg2
c2 54. Rd7+ Kc8 55. Rc7+ Kb8 56. Rb7+ Ka8 57. Rxa7+ 1-0

[Event "44. Capablanca in Memoriam Premier 2009"]
[Site "La Habana CUB"]
[Date "2009.06.15"]
[Round "8.2"]
[White "Corrales Jimenez, Fidel"]
[Black "Potkin, Vladimir"]
[Result "1/2-1/2"]
[WhiteElo "2574"]
[BlackElo "2621"]
[PlyCount "20"]
[EventDate "2009.06.08"]
[EventType "tourn"]
[EventRounds "10"]
[EventCountry "CUB"]
[EventCategory "14"]
[Source "lmi"]
[SourceDate "2009.06.08"]

1. e4 e6 2. d4 d5 3. exd5 exd5 4. Bd3 Nf6 5. Qe2+ Qe7 6. Qxe7+ Bxe7 7. Nf3 Bg4
8. Ne5 Be6 9. Be3 Ng4 10. Nxg4 Bxg4 1/2-1/2

[Event "44. Capablanca in Memoriam Premier 2009"]
[Site "La Habana CUB"]
[Date "2009.06.15"]
[Round "8.3"]
[White "Cordova, Emilio"]
[Black "Quezada Perez, Yuniesky"]
[Result "1/2-1/2"]
[WhiteElo "2543"]
[BlackElo "2596"]
[PlyCount "127"]
[EventDate "2009.06.08"]
[EventType "tourn"]
[EventRounds "10"]
[EventCountry "CUB"]
[EventCategory "14"]
[Source "lmi"]
[SourceDate "2009.06.08"]

1. d4 Nf6 2. Nf3 e6 3. e3 b6 4. Bd3 Bb7 5. O-O Be7 6. c4 O-O 7. Nc3 d5 8. b3 c5
9. Bb2 cxd4 10. exd4 Nc6 11. Rc1 Rc8 12. Ne2 Re8 13. Ng3 Bf8 14. Qe2 g6 15. h3
Bh6 16. Rcd1 dxc4 17. bxc4 Nb4 18. Bb1 Bxf3 19. gxf3 Bf4 20. Kg2 Qc7 21. a3 Nc6
22. Qd3 Red8 23. d5 Be5 24. Bc1 exd5 25. Bg5 dxc4 26. Qxc4 Rxd1 27. Rxd1 Ne8
28. Ba2 Ng7 29. Qg4 h5 30. Bxf7+ Kf8 31. Nxh5 gxh5 32. Bxh5 Nd4 33. Rxd4 Bxd4
34. Qxd4 Nxh5 35. Qh8+ Kf7 36. Qxh5+ Ke6 37. Qg6+ Kd7 38. h4 Qc4 39. Qg7+ Kc6
40. Qxa7 Re8 41. Qg7 Re1 42. Qf6+ Kb7 43. Be3 Rb1 44. Kh2 Qf1 45. Qg7+ Ka6 46.
Qg2 Qc4 47. Qg4 Qf1 48. Qa4+ Kb7 49. Qe4+ Ka7 50. f4 Qg1+ 51. Kh3 Qf1+ 52. Kg4
Qd1+ 53. Kg3 Qg1+ 54. Kh3 Qf1+ 55. Kg4 Qd1+ 56. Qf3 Qg1+ 57. Kh3 Qf1+ 58. Qg2
Qd3 59. Kh2 Qf5 60. a4 Qh5 61. Qg7+ Ka6 62. Qg5 Qd1 63. Qg2 Qd8 64. Qg5 1/2-1/2

[Event "44. Capablanca in Memoriam Premier 2009"]
[Site "La Habana CUB"]
[Date "2009.06.16"]
[Round "9.1"]
[White "Cordova, Emilio"]
[Black "Hernandez Carmenates, Holden"]
[Result "1/2-1/2"]
[WhiteElo "2543"]
[BlackElo "2573"]
[PlyCount "100"]
[EventDate "2009.06.08"]
[EventType "tourn"]
[EventRounds "10"]
[EventCountry "CUB"]
[EventCategory "14"]
[Source "lmi"]
[SourceDate "2009.06.08"]

1. d4 Nf6 2. Nf3 e6 3. c4 Bb4+ 4. Bd2 c5 5. Bxb4 cxb4 6. e3 O-O 7. Bd3 d6 8.
O-O Qe7 9. a3 e5 10. Be2 bxa3 11. b4 exd4 12. Nxd4 Nc6 13. b5 Ne5 14. Qb3 Be6
15. Nxa3 Ne4 16. Rad1 f5 17. Nxe6 Qxe6 18. Nc2 a5 19. bxa6 bxa6 20. Nd4 Qf7 21.
Qc2 g6 22. f3 Nf6 23. e4 fxe4 24. f4 Ned7 25. f5 Nc5 26. fxg6 hxg6 27. Qc3 e3
28. Qxe3 Rae8 29. Qc1 Qe7 30. Bf3 Qe3+ 31. Qxe3 Rxe3 32. Nc6 Nfe4 33. Ne7+ Kg7
34. Nxg6 Rf7 35. Nh4 Nb3 36. Bxe4 Rxf1+ 37. Kxf1 Rxe4 38. Nf5+ Kf6 39. Nxd6 Rh4
40. Rd3 Nc5 41. Rd5 Nb3 42. Nb7 Rxc4 43. Rd6+ Kg5 44. h3 Ra4 45. Rd3 Rb4 46.
Rd7 Rd4 47. Rxd4 Nxd4 48. Na5 Kf4 49. Kf2 Nf5 50. Nb3 Ng3 1/2-1/2